MARC

LEADER 00000nam0a2200000 4500
001 322246
005 20231102003445.0
035 |a (RuTPU)RU\TPU\book\347802 
090 |a 322246 
100 |a 20160921d1936 m y0rusy50 ca 
101 0 |a rus 
102 |a UA 
105 |a a z 000zy 
200 1 |a Руководство к составлению аварийного плана в каменноугольной промышленности  |f С. Н. Головин, Е. С. Курмей  |g Донецкий индустральный институт (ДИИ) ; под ред. Б. Г. Турубинера 
210 |a Харьков  |c Государственное научно-техническое издательство Украины  |d 1936 
215 |a 103 с.  |c ил. 
606 1 |a Горные предприятия  |x Техника безопасности  |x Математические исследования  |2 stltpush  |3 (RuTPU)RU\TPU\subj\8210  |9 35679 
610 1 |a аварии 
610 1 |a аварийные планы 
610 1 |a составление 
610 1 |a каменноугольная промышленность 
610 1 |a травматизм 
610 1 |a материальные склады 
610 1 |a противоаварийная защита 
610 1 |a противоаварийные устройства 
610 1 |a аварийные инструкции 
610 1 |a руководства 
675 |a 622.8  |v 4 
700 1 |a Головин  |b С. Н. 
701 1 |a Курмей  |b Е. С. 
702 1 |a Турубинер  |b Б. Г.  |4 340 
712 0 2 |a Донецкий индустральный институт (ДИИ)  |c (1935-1960)  |2 stltpush  |3 (RuTPU)RU\TPU\col\14872 
801 1 |a RU  |b 63413507  |c 20160921 
801 2 |a RU  |b 63413507  |c 20191212  |g RCR 
942 |c BK